000 00256nam a2200097Ia 4500
001 687285
005 20250826161553.0
008 250824s9999 xx 000 0 und d
245 0 _aGÜL SOKAĞININ DİKENLERİ
_cZEYNEP CEMALİ
260 _bGÜNIŞIĞI YAYINLARI
999 _c687285
_d687285